| 000 | 01321cas a2200349 a 4500 | ||
|---|---|---|---|
| 001 | 000864206 | ||
| 003 | AM-YeHGA | ||
| 005 | 20250617145123.0 | ||
| 007 | t| | ||
| 008 | 941104c19879999nyuqrzp 0 a0eng c | ||
| 022 |
_a1075-7066 _l1075-7066 _y0199-8765 |
||
| 040 | _aAM-YeHGA | ||
| 041 | 0 |
_aeng _aarm |
|
| 130 | 0 | _aArmenian Church (New York, N.Y. : 1987) | |
| 210 | 0 |
_aArmen. church _b(1987) |
|
| 222 | 4 |
_aThe Armenian church _b(1987) |
|
| 245 | 0 | 4 |
_aThe Armenian Church = _bՀայաստանեայց եկեղեցի / _cDiocese of the Armenian Church of America. |
| 246 | 3 | 1 | _aՀայաստանեայց եկեղեցի |
| 260 |
_aNew York : _bThe Diocese,. |
||
| 270 | _aDiocese of the Armenian Church, 630 Second Ave., New York, N.Y. 10016 | ||
| 300 |
_av. : _bill. (some col.) ; _c28-38 cm. |
||
| 310 |
_aQuarterly, _b<spring 2000-> |
||
| 321 |
_aMonthly (May-June and July-Aug. issues combined), _b1987- |
||
| 321 |
_a10 issues a year, _b<Jan./Feb. 1994-> |
||
| 362 | 1 | _aBegan Jan. 1987. | |
| 500 | _aDescription based on: Vol. 1, no. 3 (Mar. 1987); title from caption. | ||
| 546 | _aChiefly in English; some Armenian. | ||
| 610 | 2 | 0 |
_aArmenian Church _zUnited States _vPeriodicals. |
| 710 | 2 | _aArmenian Church of America. | |
| 780 | 0 | 0 |
_tBema (Armenian Church of America) _x0199-8765 |
| 090 | _c308300 | ||
| 999 |
_c306592 _d306592 |
||